/ دمہ کا علاج (Record no. 109351)

MARC details
000 -LEADER
fixed length control field 00765nam a22002537a 4500
005 - DATE AND TIME OF LATEST TRANSACTION
control field 20170123162352.0
010 ## - LIBRARY OF CONGRESS CONTROL NUMBER
LC control number 862855
020 ## - INTERNATIONAL STANDARD BOOK NUMBER
Terms of availability 2.50
035 ## - SYSTEM CONTROL NUMBER
System control number 862855
037 ## - SOURCE OF ACQUISITION
Source of stock number/acquisition Cen Lib / Ret
040 ## - CATALOGING SOURCE
Original cataloging agency DPL
Language of cataloging UR
082 ## - DEWEY DECIMAL CLASSIFICATION NUMBER
Classification number 616.97
Item number م ہ ت
100 ## - MAIN ENTRY--PERSONAL NAME
Personal name مہتہ، اس. پی
9 (RLIN) 831
245 ## - TITLE STATEMENT
Title / دمہ کا علاج
Statement of responsibility, etc اس. پی مہتہ
246 ## - VARYING FORM OF TITLE
Title proper/short title Dama ka ilaj /
Remainder of title by S, P. Mehta
260 ## - PUBLICATION, DISTRIBUTION, ETC. (IMPRINT)
Place of publication, distribution, etc دہلی
Name of publisher, distributor, etc رسالہ روزگار میڈیکل ہاؤس
Date of publication, distribution, etc 00??
270 ## - ADDRESS
City دہلی
300 ## - PHYSICAL DESCRIPTION
Extent 80p.
Dimensions 12cm (Hb)
650 ## - SUBJECT ADDED ENTRY--TOPICAL TERM
Topical term or geographic name as entry element اردوادب
9 (RLIN) 137466
650 ## - SUBJECT ADDED ENTRY--TOPICAL TERM
Topical term or geographic name as entry element میڈیکل -- دمہ
9 (RLIN) 94827
650 ## - SUBJECT ADDED ENTRY--TOPICAL TERM
Topical term or geographic name as entry element Urdu Literature
9 (RLIN) 137467
650 ## - SUBJECT ADDED ENTRY--TOPICAL TERM
Topical term or geographic name as entry element Medical -- Dama
9 (RLIN) 137468
942 ## - ADDED ENTRY ELEMENTS (KOHA)
Source of classification or shelving scheme Dewey Decimal Classification
Koha item type Urdu Bks
Classification part 616.97
Call number suffix م ہ ت
Holdings
Withdrawn status Lost status Damaged status Not for loan Home library Current library Date acquired Source of acquisition Cost, normal purchase price Total Checkouts Full call number Barcode Date last seen Copy number Cost, replacement price Price effective from Koha item type
        Central Library Central Library 05/03/2016 Cen Lib/Ref 2.50   616.97 م ہ ت 862855 05/03/2016 1 2.50 05/03/2016 Urdu Bks

© Delhi Public Library
Hit Counter
free hit counter